000 00610nmm a2200193Ia 4500
008 251105s9999||||xx |||||||||||||||||und||
020 _a9788417541552
041 _aspa
100 _aGøtzsche, Peter C.
245 0 _aCómo sobrevivir en un mundo sobremedicado :
_b Busca la evidencia por ti mismo
264 _a[Madrid, España] :
_bRoca Editorial,
_c[Fecha de publicación no identificada]
300 _a0 páginas
490 _aNo ficción
650 _aMedicine
700 _aGøtzsche, Peter C.
700 1 _a Sanz, Rosa
856 _uhttps://public.digitaliapublishing.com/a/82295
942 _cCF
999 _c66417
_d66417